000 00818nam a2200301 a 4500
003 AR-BaBNM
005 20251128205643.0
008 082120s2002 ||||||||||||||000 | spa||
020 _a84-7100-620-0
040 _cAR-BaBNM
100 1 _aBarros Laraia, Roque
245 0 0 _aLos indios de Brasil
260 _aMadrid
_bMapfre
_c1993
300 _a260 p.
_bmapas, láms.
490 0 _aIndios de América
_vv. 13
504 _aBibliografía comentada p. 229-251
650 4 _aGEOGRAFIA FISICA
650 4 _aHISTORIA ECONOMICA
650 4 _aHISTORIA POLITICA
650 4 _aABORIGENES
650 4 _aABORIGENES SUDAMERICANOS
650 4 _aHISTORIA SOCIAL
651 4 _aBrasil
700 1 _aMerlino, Mario
_etraductor
800 1 _aGallego, José Andrés
_ecoordinador
942 _cBK
998 _cMariana
999 _c12258
_d12258